000 01268nam a2200337 a 4500
005 20240412114637.0
008 100804t2015||||sp a f 01 s sp spa d
020 _a9788498358124
041 _aspa
092 _c616.025
_l53
_sMOY
100 1 _aMoya Mir, Manuel S.
_9929
_eCoord.
245 _aUrgencias en el paciente hospitalizado.
_bGuía de actuación /
_cManuel S. Moya Mir.
250 _a1a ed.
260 _aMadrid:
_bEditorial Médica Panamericana;
_c2015.
300 _a579 p.
500 _aMoya Mir, M. S. y Laguna del Estal, P. (Coords.). (2015). Urgencias en el paciente hospitalizado. Guía de actuación. (1a ed.). Madrid : Editorial Médica Panamericana.
653 _aUrgencias en infecciones
653 _aUrgencias cardiovasculares
653 _aUrgencias respiratorias
653 _aUrgencias nefrourológicas y del medio interno
653 _aUrgencias digestivas
653 _aUrgencias inmunohematológicas
653 _aUrgencias endocrinometabólicas
653 _aUrgencias neurológicas
653 _aUrgencias psiquiátricas
653 _aUrgencias reumatológicas
653 _aUrgencias oncológicas
653 _aLesiones por agentes físicos
700 1 _aLaguna del Estal, Pedro
_eCoord.
_93025
942 _2ddc
_cBK
999 _c2227
_d2227